00769 2200277 4500001002100000005001500021035002000036007000300056008004100059020002200100082001100122084001700133100002600150245006000176250001000236300002800246650001800274650003200292700003600324264003300360336002100393337003000414338002300444990001200467990001200479INLIS00000000000012620230713115625 a0010-0723000102ta230713 0  a978-602-8880-37-4 a629.25 a629.25 SUD s0 aSudarwantoePengarang1 aSistem Kelistrikan Mesin Kendaraan Ringan /cSudarwanto acet 1 a84 hlm :bilus ;c25 cm 4aMesin Listrik 4aKendaraan Bermotor - Teknik0 aM. Alaika SalamullohePengarang aYogyakarta :bInsania,c2011 2rdacontentateks 2rdamediaatanpa perantara 2rdacarrieravolume a17.0183 a17.0184